Sports Quiz

Random Sports or Basketball Quiz
Score 0/10 Timer 05:00
0 Plays Today
Years Played % Correct
1968-1970Dan Issel
84.5%
1991-1993Jamal Mashburn
84.3%
1999-2002Tayshaun Prince
77.7%
1983-1986Kenny Walker
77.4%
1993-1996Tony Delk
76.8%
2000-2003Keith Bogans
72.6%
1975-1978Jack Givens
65.7%
1962-1964Cotton Nash
41.9%
1945-1947, 49Alex Groza
38.1%
1973-1975Kevin Grevey
31.7%
Come Together.
Have Fun.
All Virtual.
We all need to come together. Play Sporcle's virtual live trivia to have fun, connect with people, and get your trivia on. Join a live hosted trivia game for your favorite pub trivia experience done virtually. If a virtual private party is more your thing, go here for details.

You're not logged in!

Compare scores with friends on all Sporcle quizzes.
OR
Log In

Sporcle TV

Today on Sporcle TV


Watch our educational content, quiz creation guides, and fun videos on Sporcle TV.

Show Comments

Extras

Top Quizzes Today


Score Distribution

Paid Content

Your Account Isn't Verified!

In order to create a playlist on Sporcle, you need to verify the email address you used during registration. Go to your Sporcle Settings to finish the process.

Report this User

Report this user for behavior that violates our Community Guidelines.

Details: